Statistiques concernant Pays qui vendent le plus de jeux vidéo

Cliquez ici pour prendre le quiz!

Statistiques générales

  • Ce quiz a été pris 2 254 fois
  • Le résultat moyen est 16 sur 20

Statistiques - réponses

Ventes (en milliards de $)Pays% Correct
3,37France
100%
34,4Chine
99%
31,54Etats-Unis
99%
17,72Japon
98%
2,2Espagne
95%
4,99Allemagne
93%
2,17Italie
90%
4,73Royaume-Uni
90%
1,66Russie
90%
2,4Canada
89%
1,45Brésil
88%
5,76Corée du Sud
88%
1,58Mexique
85%
1,29Australie
81%
1,11Inde
72%
1,23Taiwan
66%
0,65Pays Bas
44%
1,08Indonésie
42%
0,87Turquie
42%
0,67Thaïlande
36%

Distribution des résultats

Percentile par nombre de réponses

% des personnes avec chaque résultat

Votre développement - résultats

Vous n’avez pas pris ce quiz